Normal view
MARC view
- Lamb, Alstair
Entry Personal Name
001 - CONTROL NUMBER
- control field: 108770
003 - CONTROL NUMBER IDENTIFIER
- control field: NUST
005 - DATE AND TIME OF LATEST TRANSACTION
- control field: 20230209121513.0
008 - FIXED-LENGTH DATA ELEMENTS
- fixed length control field: 230209|| aca||aabn | a|a d
040 ## - CATALOGING SOURCE
- Original cataloging agency: NUST
- Transcribing agency: NUST
100 ## - HEADING--PERSONAL NAME
- Personal name: Lamb, Alstair
670 ## - SOURCE DATA FOUND
- Source citation: Work cat.: (NUST)186727: Lamb, Alstair , Incomplete partition :, 1999
